| 000 | 00362nam a2200157Ia 4500 | ||
|---|---|---|---|
| 005 | 20250411061650.0 | ||
| 008 | 240331s9999 xx 000 0 und d | ||
| 082 |
_bWIC _a891 |
||
| 100 | _aWickramasinghe,M | ||
| 245 | 0 | _aKali yugaya | |
| 250 | _a6th | ||
| 260 |
_aDehiwala _bTissara Publication _c1991 |
||
| 300 | _aIv, 157 p ., | ||
| 650 | _aNovel | ||
| 942 | _cL | ||
| 999 |
_c4951 _d4951 |
||